| 000 | 00872nam a2200241 a 4500 | ||
|---|---|---|---|
| 001 | 49069 | ||
| 003 | BD-RjUL | ||
| 005 | 20211209054629.0 | ||
| 008 | 160817s1969 bg |||| ||| 000 0 ben d | ||
| 020 | _c: Tk. 7.00 | ||
| 035 | _a(BD-RjUL)49188 | ||
| 040 |
_aBD-RjUL _bben _cBD-RjUL _dBD-RjUL |
||
| 041 | _aben | ||
| 082 |
_223 _a891.441 _bKAS 1969 |
||
| 100 | 1 |
_aকায়কোবাদ _9147627 |
|
| 245 | 1 | 0 |
_aশিব-মন্দির বা জীবন্ত সমাধি কাব্য / _cকায়কোবাদ |
| 250 | _a৩য় সং. | ||
| 260 |
_aঢাকা : _bপাকিস্তান বুক কর্পোরেশন, _c১৯৬৯ [১৩৭৬] |
||
| 300 |
_a[১২] ৩৩৬ পৃ. ; _c২১ সেমি. |
||
| 650 |
_aবাংলা কবিতা _9147628 |
||
| 650 |
_aBengali poetry _9147629 |
||
| 942 |
_2ddc _cBK |
||
| 999 |
_c49069 _d49069 |
||